• 首页
  • 本馆介绍
  • 公告通知
  • 最新文献
  • 馆藏检索
  • 电子资源
  • 读者导购
  • 参考咨询
  • 我的图书馆
  • 登录
  • 详细信息显示
  • 放入我的书架
  • 预约/预借图书
  • 作者相关作品
  • 分类相关作品
  • 丛书相关作品
  • 出版社相关作品

书目信息

  • 表格格式
  • 工作单格式
  • 卡片格式
题名:
C++与数据结构
    
 
作者: 高飞 主编
分册:  
出版信息: 北京   电子工业出版社  2018.02
页数: 354页
开本: 26cm
丛书名:
单 册:
中图分类: TP311.12 , TP312C++
科图分类:
主题词: 数据结构--C++语言--程序设计--高等学校--教材
电子资源:
ISBN: 978-7-121-31579-4
000 00958nam0 2200265 450
001 1276
005 20180929083125.70
010    @a978-7-121-31579-4@dCNY52.00
100    @a20180513d2018 em y0chiy50 ea
101 0  @achi
102    @aCN@b110000
105    @ay az 000yy
200 1  @aC++与数据结构@9C++ yu shu ju jie gou@f高飞主编
205    @a4版
210    @a北京@c电子工业出版社@d2018.02
215    @a354页@d26cm
300    @a北京高等教育精品教材 高等学校规划教材
320    @a有书目(第354页)
330    @a本书共11章,包括数据结构的基本概念,数组与指针,函数,C++编程基础,继承和多态,模板和STL,线性表,堆栈与队列,树与二叉树,图,查找与散列结构,排序等。本书各章配有习题和实验训练题,方便实践教学,并为任课教师提供了电子课件和示例源代码。
606 0  @a数据结构@xC++语言@x程序设计@x高等学校@j教材
690    @aTP311.12@v5
690    @aTP312C++@v5
701  0 @a高飞@9gao fei@4主编
801  0 @aCN@b91MARC@c20180513
905    @aMuseLib@dTP311.12@e1266=4
    
    C++与数据结构/高飞主编.-4版.-北京:电子工业出版社,2018.02
    354页;26cm
    北京高等教育精品教材 高等学校规划教材
    
    ISBN 978-7-121-31579-4:CNY52.00
    本书共11章,包括数据结构的基本概念,数组与指针,函数,C++编程基础,继承和多态,模板和STL,线性表,堆栈与队列,树与二叉树,图,查找与散列结构,排序等。本书各章配有习题和实验训练题,方便实践教学,并为任课教师提供了电子课件和示例源代码。
●
相关链接 在E读中查询图书 在五车中查询图书 在当当中查询图书 在豆瓣中查询图书


正题名:C++与数据结构     索取号:TP311.12/1266=4         预约/预借

序号 登录号 条形码 馆藏地/架位号 状态 备注
1 1122167   211221676   第二样本阅览室/ [索取号:TP311.12/1266=4] 在馆    
2 1122168   211221685   第三借阅区/ [索取号:TP311.12/1266=4] 在馆    
3 1122169   211221694   第三借阅区/ [索取号:TP311.12/1266=4] 在馆    
4 1122170   211221701   第三借阅区/ [索取号:TP311.12/1266=4] 在馆    
5 1122171   211221710   第三借阅区/ [索取号:TP311.12/1266=4] 在馆    
唐山师范学院图书馆 欢迎您!
大连网信软件有限公司© 版权所有